01421nam a22002897a 4500003000900000005001700009007000300026008004100029020001800070040002500088082001600113100004000129245013100169260005700300300002000357500006600377500012600443590002700569700004200596700003400638910001400672942001400686952013400700952014000834952014000974999001701114DO-SdBNP20221116111849.0ta110301s20172018dr 000 0 spa d a9789945911039 aDO-SdBNPbspacBNPHU 4axxxxbT693m1 aTorres Burgos, Jayson953018d1983-10aMadres de rodillas :bhijos de pie /cJayson Torres Burgos ; introducción Ruth E. Burgos Figueroa ; prólogo Cristina Cotto aSanto Domingo :bPublicaciones libertad,c2017-2018. a99 p. :c21 cm. aIncluye datos biográficos del autor en la contra portada.  aLa publicitación del 2018 es la que posee el ISBN, pero tanto el del 2017 como el 2018 dicen ser la primera edición.  aInventariado, 2022/ YL12aBurgos Figueroa, Ruth E.eint.98283312aCotto, Cristinaeprol.980555 aYLockward 2ddccLBS1 00102ddc51708PDaBNPHUbBNPHUcCTd2021-02-12ePublicaciones Libertadl0oxxxx T693mp2022-5429r2022-11-16w2022-11-16yLBS1 00102ddc51708PDaBNPHUbBNPHUcCTd2021-02-12ePublicaciones Libertadl0oxxxx T693mp2022-5430r2022-11-16te. 2w2022-11-16yLBS1 00102ddc56708DSaBNPHUbBNPHUcCTd2021-02-12ePublicaciones Libertadl0oxxxx T693mp2022-5431r2022-11-16te. 3w2022-11-16yLBS1 c52953d52953